ბათუმის შოთა რუსთაველის სახელმწიფო უნივერსიტეტის ბიბლიოთეკა

Теория чисел. (ბიბ.ჩანაწერი № 39125)

000 -LEADER
fixed length control field 00495nam a2200205Ia 4500
001 - CONTROL NUMBER
control field 5706
003 - CONTROL NUMBER IDENTIFIER
control field GE_BSU
008 - FIXED-LENGTH DATA ELEMENTS--GENERAL INFORMATION
fixed length control field 181216s||||||||xx |||||||||||||| ||und||
040 ## - CATALOGING SOURCE
Transcribing agency GE_BSU
080 ## - UNIVERSAL DECIMAL CLASSIFICATION NUMBER
Universal Decimal Classification number 511
100 ## - MAIN ENTRY--PERSONAL NAME
Personal name Боревич, З. И.,Шафаревич, И. Р.,
245 ## - TITLE STATEMENT
Title Теория чисел.
250 ## - EDITION STATEMENT
Edition statement 3-е доп.
260 ## - PUBLICATION, DISTRIBUTION, ETC.
Place of publication, distribution, etc. москва
260 ## - PUBLICATION, DISTRIBUTION, ETC.
Name of publisher, distributor, etc. наука
260 ## - PUBLICATION, DISTRIBUTION, ETC.
Date of publication, distribution, etc. 1985
300 ## - PHYSICAL DESCRIPTION
Extent 503с. 22 см.
653 ## - INDEX TERM--UNCONTROLLED
Uncontrolled term Теория чисел.
942 ## - ADDED ENTRY ELEMENTS (KOHA)
Koha item type წიგნი
ეგზემპლარები
Withdrawn status Lost status Damaged status Not for loan Date acquired Barcode Date last seen Price effective from Koha item type
        2018-12-17 16750 2018-12-17 2018-12-17 წიგნი